Statistics for Western European Union members

Click here to take the quiz!

General Stats

  • This quiz has been taken 9 times
  • The average score is 9 of 10

Answer Stats

Answer% Correct
France
100%
Portugal
100%
United Kingdom
100%
Belgium
86%
Germany
86%
Italy
86%
Luxembourg
86%
Netherlands
86%
Spain
86%
Greece
43%

Score Distribution

Percentile by Number Answered

Percent of People with Each Score

Your Score History

You have not taken this quiz